000 00959nam a2200253Ia 4500
003 OSt
005 20220923221151.0
006 a|||||r|||| 00| 0
007 ta
008 220922b |||||||| |||| 00| 0 hin d
024 _a195,725
037 _cTextual
040 _aARTS
_cARTS
_bhin
041 _2hin
_ahin
082 _aR4, 152L2
100 _aसक्सेना, लक्ष्मी
245 0 _aनीति विज्ञान के मूल सिद्धान्त
_b समीक्षात्मक अध्ययन
246 _aNīti vijnyān ke mūl siddhānta: samīkṣhātmak adhyayana
260 _aलखनऊ
_b उत्तर प्रदेश हिन्दी ग्रंथ अकादमी
_c1972
300 _a307पृ.
_ccm.
650 _aभारतीय दर्शन
942 _hR4, 152L2
_cTEXL
_2CC
999 _c347857
_d347857